Statistiques concernant Léon célèbres

Cliquez ici pour prendre le quiz!

Statistiques générales

  • Ce quiz a été pris 72 fois
  • Le résultat moyen est 5 sur 10

Statistiques - réponses

DescriptifRéponse% Correct
Homme d'État français, premier socialiste à diriger un gouvernement suite aux élections législatives de 1936.Blum
97%
Écrivain russe excommunié et censuré, auteur de Guerre et Paix, Anna Karénine ou encore La Mort d'Ivan Ilitch. Tolstoï
78%
Révolutionnaire communiste soviétique ayant grandement participé à la révolution d'Octobre en Russie aux côtés de Lénine. Assassiné au Mexique en 1940.Trotski
69%
Animateur de télévision ainsi que journaliste, il a notamment présenté le journal télévisé entre 1958 et 1975, commenté le jeu télévisé Intervilles, le Tour de France à six reprises ou encore le concours Eurovision lors de quatre occurrences.Zitrone
60%
Fondateur d'une grande société française de production et de distribution de longs métrages. Rival puis ami de Charles Pathé.Gaumont
54%
Physicien et astronome français connu pour son pendule. A par ailleurs déterminé la vitesse de la lumière et inventé le gyroscope.Foucault
45%
Nageur français quintuple champion du monde ainsi que recordman du 400m 4 nages depuis 2023.Marchand
42%
Homme politique français proclamant le début de la Troisième République française en 1870. Doit fuir Paris en ballon à gaz un an plus tard suite au siège de la ville par les Prussiens.Gambetta
40%
Pape de 1878 à 1903.XIII
35%
Pianiste américain mais aussi auteur-compositeur-interprète ayant notamment collaboré avec Bob Dylan, The Beach Boys, Franck Sinatra, Tina Turner ou encore The Rolling Stones. Mentor d'Elton John, il a enregistré en sa compagnie l'album The Union. Russell
5%

Distribution des résultats

Percentile par nombre de réponses

% des personnes avec chaque résultat

Votre développement - résultats

Vous n’avez pas pris ce quiz